Представление документа в формате RUSMARC

ПолеНазваниеЗначение
  Тип записи a
  Библиографический уровень m
001 Контрольный номер UONB/MAIN/e3ec1855c9544608bc5246e663eaee8a
005 Дата корректировки 20260414110355.7
010 Индекс ISBN __
a ISBN 978-5-6054716-5-3
100 Данные общей обработки __
a Данные общей обработки 20260414g2025 u y0rusy0189 ca
101 Язык документа 0_
a Язык текста rus
102 Страна публикации __
a Страна публикации RU
105 Кодированные данные (монография) __
a Кодированные данные (монография) a g 001yy
200 Заглавие и сведения об ответственности 1_
a Заглавие Улицы Ульяновска
e Сведения, относящиеся к заглавию краеведческий справочник-путеводитель
e Сведения, относящиеся к заглавию в 3 книгах и 2 приложениях
f Первые сведения об ответственности под общей редакцией В. Н. Ильина
203 Вид содержания и тип средства __
a Вид содержания Текст
b Характеристика содержания визуальный
c Тип средства непосредственный
210 Выходные данные 1_
a Место издания Ульяновск
c Издательство ИП Артемова А. В.
d Дата издания 2025-
215 Физическое описание __
d Формат 29 см
702 Вторичная интеллектуальная ответственность _1
a Фамилия Ильин
b Имя (инициалы) В. Н.
g Полное личное имя Вячеслав Николаевич
4 Код отношения 340
801 Источник записи _0
a Страна RU
b Организация Ульяновская ОНБ
c Дата составления 20260414
g Правила каталогизации RCR
801 Источник записи _1
a Страна RU
b Организация Ульяновская ОНБ
c Дата составления 20260414
g Правила каталогизации RCR
901 Тип документа __
t Тип документа v
909 Создатель записи __
a Создатель записи Цуканова
b Дата создания записи 20260414